2025-26 NBA Transactions - Statistics

General Stats
  • This quiz has been taken 133 times
    100 since last reset
  • The average score is 62 of 66
Answer Stats
Team New Team Hint % Correct
Pacers Bucks Myles Turner
100%
Magic/Grizzlies Bucks Cole Anthony
100%
Suns/Hornets Bucks Vasilije Micic
100%
Magic Bucks Gary Harris
100%
Blazers Celtics Anfernee Simons
99%
Hawks Celtics Georges Niang
99%
Wolves Celtics Luka Garza
99%
Wolves Celtics Josh Minott
99%
Jazz Clippers John Collins
98%
Bucks Clippers Brook Lopez
98%
Nets Nuggets Cameron Johnson
98%
Kings Nuggets Jonas Valanciunas
98%
Pistons Nuggets Tim Hardaway Jr
98%
Pelicans Nuggets Bruce Brown Jr
98%
Bulls Cavs Lonzo Ball
97%
Celtics Hawks Kristaps Porzingis
97%
Wolves Hawks Nickeil Alexander-Walker
97%
Grizzlies Hawks Luke Kennard
97%
Suns Rockets Kevin Durant
97%
Hawks Rockets Clint Capela
97%
Lakers Rockets Dorian Finney-Smith
97%
Cavs Bulls Isaac Okoro
96%
Blazers Lakers Deandre Ayton
96%
Kings Lakers Jake LaRavia
96%
Nuggets Nets Michael Porter Jr
96%
Hawks Nets Terance Mann
96%
Wizards Pelicans Jordan Poole
96%
Warriors Pelicans Kevon Looney
96%
Wizards Pelicans Saddiq Bey
96%
Pelicans/Wizards Spurs Kelly Olynyk
96%
Celtics Spurs Luke Kornet
96%
Clippers Heat Norman Powell
94%
Pistons Heat Simone Fontecchio
94%
Hornets Jazz Jusuf Nurkic
94%
Heat Jazz Kyle Anderson
94%
Heat Jazz Kevin Love
94%
Grizzlies Magic Desmond Bane
94%
Suns Magic Tyus Jones
94%
Hawks Pistons Caris LeVert
94%
Heat Pistons Duncan Robinson
94%
Rockets Suns Jalen Green
94%
Hornets Suns Mark Williams
94%
Rockets Suns Dillon Brooks
94%
Fenerbahçe Suns Nigel Hayes-Davis
94%
Cavs Grizzlies Ty Jerome
93%
Rockets Grizzlies Jock Landale
93%
Magic Grizzlies Kentavious Caldwell-Pope
93%
Pistons Kings Dennis Schroder
93%
Clippers Kings Drew Eubanks
93%
Nuggets Kings Dario Saric
93%
Celtics Blazers Jrue Holiday
92%
Jazz Hornets Collin Sexton
92%
Mavs Hornets Spencer Dinwiddie
92%
Suns Hornets Mason Plumlee
92%
Bucks Hornets Pat Connaughton
92%
Jazz Knicks Jordan Clarkson
92%
76ers Knicks Guerschon Yabusele
92%
Pelicans Wizards CJ McCollum
92%
Rockets Wizards Cam Whitmore
92%
Spurs Wizards Malaki Branham
92%
Spurs Wizards Blake Wesley
92%
Thunder Wizards Dillon Jones
92%
Nets Mavs D'Angelo Russell
91%
Grizzlies Pacers Jay Huff
88%
Nets 76ers Trendon Watford
82%
Spurs Raptors Sandro Mamukelashvili
74%
No matching quizzes found
Score Distribution
Percent of People with Each Score
Percentile by Number Answered
Your Score History
You have not taken this quiz since the last reset